| 000 | 01012nam a22003017a 4500 | ||
|---|---|---|---|
| 001 | 7376 | ||
| 003 | FISKH | ||
| 005 | 20250711102146.0 | ||
| 008 | 250711b cb ||||| |||| 00| 0 eng d | ||
| 020 | _a9780763625580 | ||
| 040 |
_aFISKH _beng _cFISKH _dFISKH |
||
| 050 | _aPZ7.D5455 B | ||
| 082 | _a813.6 | ||
| 100 | _aDiCamillo, Kate | ||
| 245 |
_aBecause of Winn-Dixie / _cBy Kate DiCamillo |
||
| 250 | _aFirst paperback edition in this format 2004 | ||
| 260 |
_aMassachusetts : _bCandlewick Press, _c2000. |
||
| 300 |
_a183 pages : _bcolor illustrations ; _c20 cm . |
||
| 505 | _aQ | ||
| 520 | _aTen-year-old India Opal Buloni describes her first summer in the town of Naomi, Florida, and all the good things that happen to her because of her big ugly dog Winn-Dixie. | ||
| 521 | 8 |
_a670
_bLexile |
|
| 521 | 8 |
_aQ
_bRaz-Plus |
|
| 650 |
_aDogs _vFicition |
||
| 650 |
_aCity and town life-Florida _vFiction |
||
| 650 |
_aFlorida _vFiction |
||
| 942 |
_2ddc _cBK _n0 |
||
| 999 |
_c7376 _d7376 |
||